[Event "Agneaux St Lo Coquereau op"]
[Site "Agneaux"]
[Date "2013.07.07"]
[Round "1"]
[White "Burg, Brent"]
[Black "Pasquero, Jeremy"]
[Result "1-0"]
[WhiteElo "2205"]
[BlackElo "1666"]
[PlyCount "63"]
[EventDate "2013.07.07"]
[EventType "swiss"]
[EventRounds "9"]
[EventCountry "FRA"]
[SourceTitle "EXT 2014"]
[Source "ChessBase"]
[SourceDate "2013.11.20"]
[SourceVersion "1"]
[SourceVersionDate "2013.11.20"]
[SourceQuality "1"]

1. e4 e5 2. Nf3 Nc6 3. Bb5 Nf6 4. d3 d6 5. c3 Bd7 6. 0-0 Be7 7. Re1 a6 8. Ba4 b5 9. Bc2 Bg4 10. h3 Bh5 11. Nbd2 0-0 12. Nf1 Nd7 13. Ng3 Bg6 14. d4 f6 15. Nh4 Qe8 16. Nhf5 Bd8 17. Bb3+ Bf7 18. Qg4 g5 19. Nh6+ Kg7 20. Bxf7 Rxf7 21. Nxf7 Qxf7 22. d5 Na5 23. h4 h6 24. Re3 Nf8 25. hxg5 hxg5 26. Nf5+ Kh8 27. Rh3+ Nh7 28. Nh6 Qe8 29. Qf5 c5 30. Bxg5 Nxg5 31. Nf7+ Kg7 32. Nxg5 1-0